Name Every Splatoon Shifty Station Stage - Novel Origin - Statistics

General Stats
  • This quiz has been taken 2 times
  • The average score is 15 of 24
Answer Stats
Stage Novel % Correct
Furler in the Ashes An Ember in the Ashes
100%
Bridge to Tentaswitchia Bridge to Terabithia
100%
Goosponge Goosebumps
100%
Flooders in the Attic Flowers in the Attic
100%
Gusher Towns Paper Towns
100%
Zappy Longshocking Pippi Longstocking
100%
The Chronicles of Rolonium The Chronicles of Narnia
100%
The Splat in our Zones The Fault in Our Stars
100%
The Bunker Games The Hunger Games
100%
The Maze Dasher The Maze Runner
100%
MC.Princess Diaries The Princess Diaries
100%
The Switches The Witches
100%
Wayslide Cool Wayside School
100%
The Bouncey Twins Bobbsey Twins
50%
Fancy Spew Little House on the Prairie
50%
The Ink is Spreading The Dark is Rising
50%
A Swiftly Tilting Balance A Swiftly Tilting Planet
0%
Cannon Fire Pearl Camp Fire Girls
0%
Grapplink Girl Gossip Girl
0%
Sweet Valley Tentacles Sweet Valley High
0%
Railway Chillin' The Railway Children
0%
The Secret of S.P.L.A.T. The Secret of NIMH
0%
Zone of Glass Throne of Glass
0%
Windmill House on the Pearlie Windmill House on the Pearlie
0%
No matching quizzes found
Score Distribution
Percent of People with Each Score
Percentile by Number Answered
Your Score History
You have not taken this quiz